00000000nam 2200000zi 4500
0019.908458
003CaOODSP
00520221107181651
006m     o  d f      
007cr |n|||||||||
008220224s2022    onc     o    f00| 0 fre d
020 |a9780660422138
040 |aCaOODSP|bfre|erda|cCaOODSP
043 |an-cn---
0861 |aM134-70/2022F-PDF
24500|aConclusions de l'examen quinquennal de la limite de responsabilité civile en vertu de la Loi sur la responsabilité et l'indemnisation en matière nucléaire.
264 1|aOttawa : |bNatural Resources Canada = Ressources naturelles Canada, |c2022.
300 |a1 ressource en ligne (ii, 2 pages)
336 |atexte|btxt|2rdacontent/fre
337 |ainformatique|bc|2rdamedia/fre
338 |aressource en ligne|bcr|2rdacarrier/fre
500 |aPublié aussi en anglais sous le titre : Findings from the five-year review of the third party nuclear liability limit under the Nuclear Liability and Compensation Act.
650 6|aResponsabilité nucléaire|zCanada.
7101 |aCanada. |bRessources naturelles Canada, |eorganisme de publication.
77508|tFindings from the five-year review of the third party nuclear liability limit under the Nuclear Liability and Compensation Act.|w(CaOODSP)9.908457
85640|qPDF|s823 Ko|uhttps://publications.gc.ca/collections/collection_2022/rncan-nrcan/M134-70-2022-fra.pdf